00826nam a22001337a 4500999001500000020002200015100002100037245005000058250000900108260002200117300000800139942001600147952052900163 c7427d7427 a978-0-323-71197-5 aNancy A. Brunzel aFundamentals of Urine and Body Fluid Analysis a5版 c2022.05bElsevier a464 2NLMcLNTERM 00102ccl4070ayeezenbyeezend2023-04-07l8m4pE01279q2026-06-30r2026-01-02 00:00:00s2026-01-02w2023-04-07yLNTERMzLearn how to accurately analyze urine and body fluids with Fundamentals of Urine and Body Fluid Analysis, 5th Edition. Known for its clear writing style, logical organization, and vivid full-color illustrations, this renowned text offers the perfect level and depth of information for understanding the fundamental principles of urine and body fluids frequently encountered in the clinical laboratory